Central Library OPAC University of Rajshahi

The plant kingdom / (Record no. 12140)

MARC details
000 -LEADER
fixed length control field 00781cam a22002532 4500
001 - CONTROL NUMBER
control field 12140
003 - CONTROL NUMBER IDENTIFIER
rucl marc code BD-RjUL
005 - DATE AND TIME OF LATEST TRANSACTION
control field 20211208235236.0
008 - FIXED-LENGTH DATA ELEMENTS--GENERAL INFORMATION
fixed length control field 140128r19721970ii a b 001 0 eng
035 ## - SYSTEM CONTROL NUMBER
System control number (BD-RjUL)12189
040 ## - CATALOGING SOURCE
Original cataloging agency DLC
Transcribing agency DLC
Modifying agency OCL
-- BD-RjUL
Language of cataloging eng
041 ## - LANGUAGE CODE
Language code of text/sound track or separate title eng
082 ## - DEWEY DECIMAL CLASSIFICATION NUMBER
Classification number 581
Author mark and year BOP 1972
100 1# - MAIN ENTRY--PERSONAL NAME
Personal name Bold, Harold C.
Dates associated with a name 1909-
Fuller form of name Charles.
9 (RLIN) 37593
245 14 - TITLE STATEMENT
Title The plant kingdom /
Statement of responsibility, etc. Harold C. Bold.
250 ## - EDITION STATEMENT
Edition statement 3rd ed.
260 ## - PUBLICATION, DISTRIBUTION, ETC. (IMPRINT)
Place of publication, distribution, etc. New Delhi;
-- Englewood Cliffs, N.J. :
Name of publisher, distributor, etc. Prentice-Hall,
Date of publication, distribution, etc. 1970 [reprinted 1972].
300 ## - PHYSICAL DESCRIPTION
Pagination x, 190 p. :
Illustrations ill. ;
Size 24 cm.
504 ## - BIBLIOGRAPHY, ETC. NOTE
Bibliography, etc Includes Bibliography and index.
650 #0 - SUBJECT ADDED ENTRY--TOPICAL TERM
Topical term or geographic name as entry element Botany.
9 (RLIN) 37594
830 #0 - SERIES ADDED ENTRY--UNIFORM TITLE
Uniform title Prentice-Hall foundations of modern biology series
942 ## - ADDED ENTRY ELEMENTS (KOHA)
Source of classification or shelving scheme Dewey Decimal Classification
Koha item type Books
Holdings
Lost status Source of classification or shelving scheme Damaged status Not for loan Collection code Permanent Location Current Location Shelving location Date acquired Source of acquisition Cost, normal purchase price Total Checkouts Full call number Date last seen Copy number Koha item type
  Dewey Decimal Classification     Non-fiction Central Library, University of Rajshahi Central Library, University of Rajshahi   15/08/1973 Uttara Library 9.75   581 BOP 1972 28/01/2014 C-10 Books
  Dewey Decimal Classification   Not For Loan Non-fiction Central Library, University of Rajshahi Central Library, University of Rajshahi Reading Room 26/01/1974 U.S.govt.     581 BOP 1972 22/05/2017 C-1 Books
  Dewey Decimal Classification     Non-fiction Central Library, University of Rajshahi Central Library, University of Rajshahi   26/01/1974 U.S.govt.     581 BOP 1972 22/05/2017 C-2 Books
  Dewey Decimal Classification     Non-fiction Central Library, University of Rajshahi Central Library, University of Rajshahi   26/01/1974 U.S.govt.     581 BOP 1972 22/05/2017 C-3 Books
  Dewey Decimal Classification     Non-fiction Central Library, University of Rajshahi Central Library, University of Rajshahi   26/01/1974 U.S.govt.     581 BOP 1972 22/05/2017 C-4 Books
  Dewey Decimal Classification     Non-fiction Central Library, University of Rajshahi Central Library, University of Rajshahi   26/01/1974 U.S.govt.     581 BOP 1972 22/05/2017 C-5 Books
  Dewey Decimal Classification     Non-fiction Central Library, University of Rajshahi Central Library, University of Rajshahi   26/01/1974 U.S.govt.     581 BOP 1972 22/05/2017 C-6 Books
  Dewey Decimal Classification     Non-fiction Central Library, University of Rajshahi Central Library, University of Rajshahi   26/01/1974 U.S.govt.     581 BOP 1972 22/05/2017 C-7 Books
  Dewey Decimal Classification     Non-fiction Central Library, University of Rajshahi Central Library, University of Rajshahi   26/01/1974 U.S.govt.     581 BOP 1972 22/05/2017 C-8 Books
  Dewey Decimal Classification     Non-fiction Central Library, University of Rajshahi Central Library, University of Rajshahi   26/01/1974 U.S.govt.     581 BOP 1972 22/05/2017 C-9 Books